Loading...
| Science - Biology | 4 | 3 | 2 | 2 | 80 | 45 | 79.57 | 5 | 7 |
| Literature - British Literature | 0 | 6 | 0 | 1 | 60 | 74 | 100.17 | 5 | 6 |
| Literature - European Literature | 0 | 5 | 0 | 1 | 50 | 92 | 124.20 | 1 | 5 |
| Science - Chemistry | 0 | 4 | 1 | 0 | 35 | 78 | 87.25 | 4 | 4 |
| Literature - World Literature | 1 | 3 | 2 | 0 | 35 | 58 | 102.25 | 1 | 4 |
| Religion | 0 | 3 | 0 | 0 | 30 | 94 | 102.67 | 1 | 3 |
| Literature - American Literature | 1 | 2 | 2 | 0 | 25 | 36 | 91.00 | 1 | 3 |
| Philosophy | 0 | 3 | 1 | 2 | 25 | 128 | 129.33 | 0 | 3 |
| History - World History | 1 | 1 | 0 | 0 | 25 | 64 | 64.50 | 1 | 2 |
| Fine Arts - Auditory Fine Arts | 0 | 2 | 0 | 1 | 20 | 111 | 122.00 | 0 | 2 |
| Fine Arts - Visual Fine Arts | 0 | 2 | 0 | 1 | 20 | 106 | 127.50 | 0 | 2 |
| Mythology | 0 | 2 | 0 | 0 | 20 | 72 | 105.00 | 1 | 2 |
| Fine Arts - Other Fine Arts | 1 | 0 | 0 | 0 | 15 | 21 | 21.00 | 1 | 1 |
| Other Academic | 0 | 1 | 0 | 0 | 10 | 94 | 94.00 | 1 | 1 |
| Science - Other Science | 0 | 1 | 0 | 0 | 10 | 101 | 101.00 | 0 | 1 |
| Science - Physics | 0 | 1 | 0 | 1 | 10 | 133 | 133.00 | 0 | 1 |
| Social Science | 0 | 1 | 0 | 0 | 10 | 101 | 101.00 | 1 | 1 |
| History - European History | 0 | 0 | 1 | 0 | -5 | 0.00 | 0 | 0 |